Most Populous New Jersey Municipalities in 1900 - Statistics

General Stats
  • This quiz has been taken 10 times
  • The average score is 15 of 20
Answer Stats
Population County Status Municipality % Correct
27,838 Atlantic City Atlantic City
100%
75,935 Camden City Camden
100%
59,364 Hudson City Hoboken
100%
206,433 Hudson City Jersey City
100%
246,070 Essex City Newark
100%
105,171 Passaic City Paterson
100%
73,307 Mercer City Trenton
100%
52,130 Union City Elizabeth
90%
20,005 Middlesex City New Brunswick
90%
27,777 Passaic City Passaic
90%
32,722 Hudson City Bayonne
80%
24,141 Essex City Orange
70%
13,913 Cumberland City Bridgeton
60%
21,506 Essex City East Orange
60%
10,896 Hudson Town Kearny
60%
17,699 Middlesex City Perth Amboy
60%
11,267 Morris Town Morristown
50%
15,369 Union City Plainfield
50%
13,962 Essex Town Montclair
40%
10,596 Hudson Town Harrison
30%
No matching quizzes found
Score Distribution
Percent of People with Each Score
Percentile by Number Answered
Your Score History
You have not taken this quiz